Departamentos de Colombia (con un mapa) - Estadísticas

Estadísticas generales
  • Esta prueba ha sido intentada 17.036 veces
  • La puntuación promedio es 24 de 33
Respuestas en el mapa
Las respuestas están codificadas por una escala verde-roja en el mapa de la prueba según el % correcto abajo.
 
Estadísticas de respuestas
Departamento % Correcto
Amazonas
91%
Antioquia
89%
Cundinamarca
84%
Santander
84%
Chocó
82%
San Andrés, Providencia y Santa Catalina
82%
Bogotá Distrito Capital
80%
Valle del Cauca
80%
Norte de Santander
79%
Atlántico
77%
Cauca
77%
Nariño
76%
Bolívar
75%
La Guajira
75%
Meta
74%
Boyacá
73%
Magdalena
72%
Tolima
70%
Arauca
68%
Risaralda
68%
Cesar
67%
Putumayo
67%
Vichada
67%
Quindío
66%
Vaupés
66%
Caldas
65%
Córdoba
64%
Huila
64%
Sucre
64%
Caquetá
60%
Casanare
59%
Guainía
56%
Guaviare
56%
No se encontraron pruebas coincidentes
Distribución de puntuación
Porcentaje de gente con cada puntuación
Porcentaje por número respondido
Historial de tus puntuaciones
No has intentado esta prueba.